| 000 | 01676nkm a2200373 i 4500 | ||
|---|---|---|---|
| 001 | 4473 | ||
| 003 | ES-MaACL | ||
| 005 | 20250713063046.0 | ||
| 007 | khrbo | ||
| 008 | 070712s1988 sp --- g |001||spa d | ||
| 040 | _cES-MaACL | ||
| 100 | 0 |
_aAlfonso, _d1902-1990 _epht _919858 |
|
| 245 | 1 | 0 |
_aMesa redonda "Artistas integrados en ambos continentes" [ _hFotografía] / _cAlfonso (sello). |
| 260 |
_a[S.l. : _bs.n.], _c1988. |
||
| 300 |
_a2 fot. : _bb. y n. ; _c12 x 18 cm. |
||
| 490 | 1 | _aAportación cultural de Iberoamérica en España | |
| 500 | _aDatos basados en invitación. | ||
| 511 | 0 | _aIntervienen: Julio Castronuovo, Zulema Katz, Sebastián Junyent, Rafael Estrada; moderador: Jorge Bosso. | |
| 518 | _aActo organizado por la Sección de Teatro del Ateneo de Madrid en colaboración con la Asociación Cultural Espacio Abierto y el Teatro del Renacimiento, celebrado en la sala de conferencias el jueves, 3 de noviembre de 1988, a las 20:00 h. | ||
| 600 | 1 | 4 |
_aCastronuovo, Julio. _936987 |
| 600 | 1 | 4 |
_aKatz, Zulema. _967636 |
| 600 | 1 | 4 |
_aJunyent, Sebastián. _967318 |
| 600 | 1 | 4 |
_aEstrada, Rafael. _948209 |
| 600 | 1 | 4 |
_aBosso, Jorge. _930718 |
| 610 | 2 | 4 |
_aAteneo de Madrid- _xActos culturales- _y1988- _vFotografías. _91903 |
| 710 | 2 |
_aAteneo de Madrid. _bSección de Teatro. _92010 |
|
| 710 | 2 |
_aEspacio Abierto (Madrid) _93620 |
|
| 830 | 0 |
_aAportación cultural de Iberoamérica en España _9177058 |
|
| 852 |
_aES-MaACL _jFOT 285/1988 |
||
| 856 | 4 |
_uhttp://www.ateneodemadrid.net/biblioteca_digital/imagenes/1988/0285-1988.jpg _zVer imagen |
|
| 942 |
_2udc _cMONOGRAFIA _n0 |
||
| 999 |
_c4473 _d4473 |
||